| 000 | 00869nac a22002777a 4500 | ||
|---|---|---|---|
| 001 | BR5300096 | ||
| 003 | BR-BrBNA | ||
| 005 | 20240105112905.0 | ||
| 008 | 230509b bl.|||m| |||| 00| 0 por d | ||
| 040 |
_aBR-BrBNA _bpor _cBiblioteca Nacional de Agricultura |
||
| 072 | _aF00; E10 | ||
| 090 | _a0300 BR5300096 | ||
| 100 | 1 | _aPinto, G.P. | |
| 110 | 1 |
_aInstituto Agronomico do Norte, Belem, PA (Brasil) _95627 |
|
| 245 | 1 | _aSelecao de solventes 1.1. Novo metodo [Planta oleaginosa; Oleo] | |
| 260 | 3 |
_aBelem, PA (Brasil): _c1953. |
|
| 300 | _ap. 45-59 | ||
| 490 |
_aBoletim Tecnico do Instituto Agronomico do Norte (Brazil) _vno. 26 _x |
||
| 500 | _aSummaries (De, En, Fr) | ||
| 650 | _aPLANTA OLEAGINOSA | ||
| 650 | _aOLEO | ||
| 650 | _aINDUSTRIALIZACAO | ||
| 650 | _aSOLVENTE | ||
| 909 |
_a202312 _bLúcia Elande _c55 _dLúcia Elande |
||
| 942 |
_2AGRIS _n0 _cMS |
||
| 999 |
_c260793 _d260793 |
||